الصناعات الإبداعية : كيف تنتج الثقافة في عالم التكنولوجيا و العولمة؟ / (رقم التسجيلة. 113856)

تفاصيل مارك
000 -LEADER
fixed length control field 00667nam a22001817a 4500
005 - DATE AND TIME OF LATEST TRANSACTION
control field 20251108174625.0
008 - FIXED-LENGTH DATA ELEMENTS--GENERAL INFORMATION
fixed length control field 250721s2007 xx 000 0 ara d
082 14 - DEWEY DECIMAL CLASSIFICATION NUMBER
Classification number 670/صنا
100 1# - MAIN ENTRY--PERSONAL NAME
Personal name هارتلي، جون
Relator term محرر
245 10 - TITLE STATEMENT
Title الصناعات الإبداعية : كيف تنتج الثقافة في عالم التكنولوجيا و العولمة؟ /
264 1# - PRODUCTION, PUBLICATION, DISTRIBUTION, MANUFACTURE, AND COPYRIGHT NOTICE
Place of production, publication, distribution, manufacture الصفاة :
Name of producer, publisher, distributor, manufacturer المجلس الوطني للثقافة و الفنون،
Date of production, publication, distribution, manufacture, or copyright notice 2007.
300 ## - PHYSICAL DESCRIPTION
Extent ج.1.
490 0# - SERIES STATEMENT
Series statement عالم المعرفة
Volume/sequential designation 338
650 17 - SUBJECT ADDED ENTRY--TOPICAL TERM
Topical term or geographic name as entry element الصناعات
700 1# - ADDED ENTRY--PERSONAL NAME
Personal name الرفاعي، بدر السيد
Relator term مترجم
942 ## - ADDED ENTRY ELEMENTS (KOHA)
Source of classification or shelving scheme Dewey Decimal Classification
Koha item type كتب
المقتنيات
حالة السحب حالة الفقدان مصدر التصنيف حالة التلف غير قابل للإعارة المكتبة الرئيسية المكتبة الحالية موقع الرف تاريخ التزويد الرقم المتسلسل Total Checkouts رقم الإستدعاء تاريخ آخر ظهور تاريخ الفاتورة نوع المادة (كوها) الباركود
    Dewey Decimal Classification     المكتبة المركزية المكتبة المركزية مقتنيات قسم التزويد 28/07/2025 1216567   670/صنا 28/07/2025 28/07/2025 كتب  
    Dewey Decimal Classification     المكتبة المركزية المكتبة المركزية مقتنيات قسم التزويد 28/07/2025 1216568   670/صنا 28/07/2025 28/07/2025 كتب  
    Dewey Decimal Classification     مكتبة أبو علندا العامة مكتبة أبو علندا العامة الإعارة 26/08/2008 1216571   670/صنا 28/07/2025 26/08/2008 كتب PLD00037376
    Dewey Decimal Classification     مكتبة الأميرة ايمان العامة مكتبة الأميرة ايمان العامة الإعارة 26/08/2008 1216569   670/صنا 28/07/2025 26/08/2008 كتب PLD00037374
    Dewey Decimal Classification     مكتبة صويلح العامة مكتبة صويلح العامة الإعارة 26/08/2008 1216570   670/صنا 28/07/2025 26/08/2008 كتب PLD00037375
    Dewey Decimal Classification     مكتبة مرج الحمام مكتبة مرج الحمام الإعارة 26/08/2008 1216575   670/صنا 28/07/2025 26/08/2008 كتب PLD00037380
Implemented & Customized by: BBB with SCIT (Smart Chains for Information Technology)

Powered by Koha